<?xml version="1.0" encoding="UTF-8"?>
<record
    xmlns:xsi="http://www.w3.org/2001/XMLSchema-instance"
    xsi:schemaLocation="http://www.loc.gov/MARC21/slim http://www.loc.gov/standards/marcxml/schema/MARC21slim.xsd"
    xmlns="http://www.loc.gov/MARC21/slim">

  <leader>00607nam a22001577a 4500</leader>
  <controlfield tag="003">ASAB</controlfield>
  <controlfield tag="005">20180827062832.0</controlfield>
  <controlfield tag="008">180509t        xxu||||| |||| 00| 0 eng d</controlfield>
  <datafield tag="040" ind1=" " ind2=" ">
    <subfield code="c">ASAB</subfield>
  </datafield>
  <datafield tag="100" ind1=" " ind2=" ">
    <subfield code="a">Muhammad Suleman Riaz-sup-Dr. Najam-us-Sahar Sadaf Zaidi </subfield>
    <subfield code="9">3825</subfield>
  </datafield>
  <datafield tag="245" ind1=" " ind2=" ">
    <subfield code="a">TH-MS-Propagation and Isolation of Avian Influenza H9N2 on Mammalian and Embryo Cell Lines nad Cloning of its Matrix Gene</subfield>
    <subfield code="c">Muhammad Suleman Riaz-sup-Dr. Najam-us-Sahar Sadaf Zaidi </subfield>
  </datafield>
  <datafield tag="260" ind1=" " ind2=" ">
    <subfield code="a">Islamabad </subfield>
    <subfield code="b">ASAB (NCVI) </subfield>
    <subfield code="c">2011</subfield>
  </datafield>
  <datafield tag="300" ind1=" " ind2=" ">
    <subfield code="a">xvii, 113 P</subfield>
    <subfield code="b">30 cm</subfield>
  </datafield>
  <datafield tag="630" ind1=" " ind2=" ">
    <subfield code="a">Virology and Immunology </subfield>
    <subfield code="9">3826</subfield>
  </datafield>
  <datafield tag="942" ind1=" " ind2=" ">
    <subfield code="2">ddc</subfield>
    <subfield code="c">TH</subfield>
  </datafield>
  <datafield tag="999" ind1=" " ind2=" ">
    <subfield code="c">480813</subfield>
    <subfield code="d">480813</subfield>
  </datafield>
  <datafield tag="952" ind1=" " ind2=" ">
    <subfield code="0">0</subfield>
    <subfield code="1">0</subfield>
    <subfield code="2">ddc</subfield>
    <subfield code="4">0</subfield>
    <subfield code="7">0</subfield>
    <subfield code="8">NFIC</subfield>
    <subfield code="a">ASAB</subfield>
    <subfield code="b">ASAB</subfield>
    <subfield code="d">2018-05-09</subfield>
    <subfield code="l">0</subfield>
    <subfield code="o">Thesis 2011 MR </subfield>
    <subfield code="p">ASABms-12-11</subfield>
    <subfield code="r">2018-05-11</subfield>
    <subfield code="w">2018-05-09</subfield>
    <subfield code="y">TH</subfield>
  </datafield>
</record>
